000
00197 a2200097 4500
020
_a
9788423925858
041
_a
spa
100
_a
Escriva, Vivi
245
_a
Cuando Lia dibujo el mundo
942
_c
BK
999
_c
12037
_d
12037